Months in Polish - Statistics

General Stats
  • This quiz has been taken 164 times
  • The average score is 10 of 12
Answer Stats
English Polish % Correct
February Luty
94%
May Maj
94%
November Listopad
92%
March Marzec
92%
December Grudzien
85%
April Kwiecien
82%
January Styczen
82%
August Sierpien
81%
June Czerwiec
77%
July Lipiec
77%
October Pazdziernik
74%
September Wrzesien
73%
No matching quizzes found
Score Distribution
Percent of People with Each Score
Percentile by Number Answered
Your Score History
You have not taken this quiz